| 000 | 02003nam0a2200385 4500 | ||
|---|---|---|---|
| 001 | RU\NLR\bibl\1225485 | ||
| 005 | 20260405053428.0 | ||
| 010 |
_a5-88811-179-1 _9500 |
||
| 021 |
_aRU _b2008-20683 _91133 |
||
| 035 | _a(NLR Aleph) 001211799 | ||
| 090 |
_a82944 _c82944 |
||
| 100 | _a20080513d2007 |||y0rusy50 ca | ||
| 101 | 0 |
_arus _aeng |
|
| 102 | _aRU | ||
| 105 | _ay ||||||||| | ||
| 200 | 1 |
_aОрганизация интегрированных внеклассных занятий по литературе и иностранному языку в школе _e(на примере изучения творчества У.Б. Йейтса) _eучебно-методическое пособие _fР.В. Якименко, А.В. Лукашенко |
|
| 210 |
_aЮжно-Сахалинск _cСахалинский государственный университет _d2007 |
||
| 215 |
_a63 с. _d21 |
||
| 300 | _aЧасть текста на англ. яз. | ||
| 320 | _aБиблиогр.: с. 50-56 (101 назв.) | ||
| 600 | 1 |
_aЙейтс _bУ.Б. _f1865 - 1939 _gУильям Батлер _xИзучение в школе _92521862 _3RU\NLR\auth\661494326 |
|
| 606 | 1 |
_aИностранные языки _xВнеклассная работа _xСредняя школа _92521852 _3RU\NLR\auth\661494321 |
|
| 606 | 1 |
_aИностранные языки _xПреподавание _xСвязь с литературой _92521858 _3RU\NLR\auth\661494324 |
|
| 686 | _aЧ426.17-38 | ||
| 686 | _aЧ426.17-211.5 | ||
| 686 | _aЧ426.21(2)33-8Йейтс | ||
| 700 | 1 |
_aЯктменко _bР. В. _gРуслан Витальевич _4070 |
|
| 701 | 1 |
_aЛукашенко _bА. В. _gАлександра Викторовна _4070 |
|
| 702 | 1 |
_4570 _8rus _7ca _aЙейтс _bУ. Б. _f1865-1939 _gУильям Батлер _3RU\NLR\auth\7717268 _9357 |
|
| 801 | 0 |
_aRU _bNLR _c20080513 _gRCR |
|
| 801 | 1 |
_aRU _bNLR _c20080513 |
|
| 830 | _aАвт. по кн. | ||
| 942 | _cBOOK | ||
| 980 | _aNB | ||